Ανάλυση χρονοσειρών

Αποθηκεύτηκε σε:
Λεπτομέρειες βιβλιογραφικής εγγραφής
Κύριος συγγραφέας: Στρίντζης, Μιχάλης - Γεράσιμος
Μορφή: Βιβλίο
Γλώσσα:Greek
Δημοσίευση: Αθήνα : Κυριακίδη, c2000
Θέματα:
Ετικέτες: Προσθήκη ετικέτας
Δεν υπάρχουν, Καταχωρήστε ετικέτα πρώτοι!

MARC

LEADER 00000nam a2200000 i 4500
001 1/53699
008 070903s2000 gre d
020 |a 960-343-550-3 
035 |l 10090358 
040 |a GR-MY-UA  |b gre  |e aacr 
041 0 |a gre 
082 0 |a 519.55  |2 (22) 
100 1 |a Στρίντζης, Μιχάλης - Γεράσιμος. 
245 1 0 |a Ανάλυση χρονοσειρών /  |c Μιχάλη - Γεράσιμου Στρίντζη 
260 |a Αθήνα :   |b Κυριακίδη,   |c c2000 
300 |a [136] σ.;  |b εικ.;  |c 30 εκ. 
504 |a Περιλαμβάνει βιβλιογραφία 
650 0 0 |a Time-series analysis. 
852 |a INST  |b CHIOS  |e 20070903  |h 519.55 ΣΤΡ  |p 005200025956  |q 005200025956  |t BK  |y 0 
901 |a BIBL2-2007-3 
909 |a Χ  |b 136404 
922 |a 2ΕΛΗ  |b 200707  |c ΕΠΕΑΕΚ2/ΤΜΟΔ  |d Σ. ΠΑΤΑΚΗΣ 
970 |a ΒΑΣΙΛΑΚΗ  |b ΝΙΚΗ  |z 2007/09/03